Cấu trúc câu trong đàm thoại tiếng Anh
Enregistré dans:
| Auteur principal: | |
|---|---|
| Format: | Livre |
| Langue: | English |
| Publié: |
Đà Nẵng
Nxb. Đà Nẵng
1999
|
| Sujets: | |
| Tags: |
Ajouter un tag
Pas de tags, Soyez le premier à ajouter un tag!
|
| Thư viện lưu trữ: | Trung tâm Học liệu Lê Vũ Hùng, Trường Đại học Đồng Tháp |
|---|
| LEADER | 00681pam a22002178a 4500 | ||
|---|---|---|---|
| 001 | 00025480 | ||
| 005 | 20210310100345.0 | ||
| 008 | 110805s1999 ||||||engsd | ||
| 041 | 0 | # | |a eng |
| 082 | 1 | 4 | |a 428 |b C125TR |
| 100 | 1 | # | |a Đặng, Kim Chi |
| 245 | 1 | 0 | |a Cấu trúc câu trong đàm thoại tiếng Anh |c Đặng Kim Chi |
| 260 | # | # | |c 1999 |a Đà Nẵng |b Nxb. Đà Nẵng |
| 300 | # | # | |a 252 p. |c 16 cm. |
| 650 | # | 4 | |a Cấu trúc |
| 650 | # | 4 | |a Ngữ pháp |
| 650 | # | 4 | |a Tiếng anh |
| 852 | # | # | |b Kho đọc |j KD.0010435 |
| 852 | # | # | |j KD.0010435 |
| 910 | # | # | |d 05/08/2011 |
| 980 | # | # | |a Trung tâm Học liệu Lê Vũ Hùng, Trường Đại học Đồng Tháp |